Errate den Song am Songtext #10 - Statistiken

Allgemein
  • Dieses Quiz wurde 345 mal gespielt
  • Das Durchschnittsergebnis liegt bei 125 aus 272
Antwortstatistiken
Antwort % Korrekt
I
99%
A
94%
You
92%
you
92%
the
86%
be
77%
We
77%
we
77%
(we
77%
(We
77%
to
73%
and
72%
And
72%
When
72%
(when
72%
(When
72%
is
71%
me
71%
it
70%
are
67%
my
67%
will
62%
your
59%
This
58%
this
58%
go
57%
Hear
57%
can
56%
where
56%
Where
56%
in
55%
Of
53%
So
53%
What
46%
For
45%
end
43%
have
43%
then
43%
heart
41%
see
40%
all
38%
at
38%
At
38%
fall
37%
fall)
37%
sky
37%
Let
36%
(let
36%
(Let
36%
never
36%
together
35%
Feel
34%
know
32%
Im
29%
stand
28%
But
27%
count
27%
Hold
27%
ten
27%
take
26%
tall
25%
tall)
25%
again
24%
breath
24%
Face
23%
from
23%
Skyfall
22%
them
22%
crumbles
21%
crumbles)
21%
hand
21%
move
20%
earth
19%
Ive
19%
may
18%
start
18%
youll
18%
moment
17%
well
17%
arms
16%
away
16%
Without
16%
Put
15%
dark
14%
loving
14%
name
14%
burst
13%
number
13%
drowned
11%
miles
11%
stolen
11%
apart
10%
days
10%
dreamt
10%
overdue
10%
owe
10%
Swept
10%
harm
9%
Id
9%
Keeping
9%
security
9%
worlds
9%
collide
8%
Ooh
7%
poles
7%
thousend
7%
Keine übereinstimmenden Quizze gefunden
Verteilung der Resultate
Anzahl Personen mit jedem Resultat
Perzentil nach korrekt beantworteten Fragen
Ihre Resultats-Entwicklung
Sie haben dieses Quiz noch nicht gespielt